000
00478nam a2200133Ia 4500
008
100328s9999 xx 000 0 und d
082
_b
54191
100
_a
आपटे श्री.स.
245
_a
मोटारीची निगा व दुरुस्ती
260
_b
उदयम
630
_a
मोटारीची निगा व दुरुस्ती
730
_a
मोटारीची निगा व दुरुस्ती
942
_c
BOOK
999
_c
540911
_d
540908